Mío Cid campeador: hazáña

Gardado en:
Detalles Bibliográficos
Autor Principal: Huidobro, Vicente 1893-1948 (García-Huidobro Fernández, Vicente) (autor)
Formato: Libro
Idioma:Lingua castelá
Publicado: Santiago Ercilla 1949
Subjects:
Tags: Engadir etiqueta
Sen Etiquetas, Sexa o primeiro en etiquetar este rexistro!

MARC

LEADER 00000nam a2200000 a 4500
001 UCT1295
003 CL-VaPUC
008 960927e19490000CL |||||||||||||||||spa|d
082 0 4 |a Ch863  |b HUI  |2 21 
100 |a Huidobro, Vicente   |e autor  |d 1893-1948  |q (García-Huidobro Fernández, Vicente)  |9 505141 
245 1 0 |a Mío Cid campeador: hazáña 
300 |a 405 p 
942 |c BK 
945 |d 19960927 00:00:00  |a nastorga 
260 |a Santiago  |b Ercilla  |c 1949 
650 7 |a LIBROS DE CABALLERIA  |2 CL-VaPUC  |9 265092 
650 0 |a Caballeros y caballería   |9 266046 
650 0 |a Novelas chilenas   |9 265425 
583 |a last modification  |c 19960927 00:00:00  |k Rodrigo Vera 
999 |c 251859  |d 251857 
952 |0 0  |1 0  |4 0  |6 CH_863_000000000000000_HUI_1949  |7 0  |8 A  |9 271333  |a BIBEDU  |b BIBEDU  |d 2019-11-19  |i 3233677  |o Ch863 HUI 1949  |p 3233677  |r 2019-11-19  |w 2019-11-19  |y BK  |k LIT